| 000 | 00840nam a2200289 a 4500 | ||
|---|---|---|---|
| 001 | 61428 | ||
| 003 | BD-RjUL | ||
| 005 | 20211209080949.0 | ||
| 008 | 170117s1963 maua s 000 0 eng d | ||
| 035 | _aBD-RjUL 61552 | ||
| 035 | _a(OCoLC)00982195 | ||
| 035 | _aGLIS00430575 | ||
| 040 |
_aDLC _cDLC _dm.c. _beng |
||
| 041 | _aeng | ||
| 082 |
_223 _a331.11445 _bCRE 1963 |
||
| 090 |
_aHD8038.G7 _bC886 |
||
| 099 | _aHD8038.G7.C886 | ||
| 100 | 1 |
_aCraig, Christine. _9183122 |
|
| 245 | 1 | 4 |
_aThe employment of Cambridge graduates / _cby Christine Craig. |
| 260 |
_aCambridge : _bUniversity Press, _c1963. |
||
| 300 |
_axi, 102 p. : _bill. ; _c25 cm. |
||
| 610 | 2 | 0 |
_aUniversity of Cambridge _9181333 |
| 650 | 0 |
_aCollege graduates _xEmployment _zGreat Britain. _9183123 |
|
| 942 |
_2ddc _cBK |
||
| 949 | _aMYGD | ||
| 999 |
_c61428 _d61428 |
||